banner-ar

استثمار الاموال فى الشريعة الاسلامية / (Record no. 60911)

MARC details
000 -الفاتح
حقل البيانات ثابتة الطول 01057nam a22002657a 4500
005 - وقت وتاريخ اخر تعامل مع التسجيلة
رقم الضبط 20240530110434.0
008 - عناصر البيانات ثابتة الطول - معلومات عامة
حقل البيانات ثابتة الطول 150406s2011 ua g 000 0 ara d
017 ## - رقم الايداع القانونى
رقم الايداع القانونى 2010/24770
المصدر ( الهيئة المختصة) مصر . دار الكتب المصرية
020 ## - الرقم الدولى المعيارى للكتب
الرقم الدولى المعيارى للكتاب 9789774280269
040 ## - مصدر الفهرسة
وكالة الفهرسة الأصلية EG-CaGPL
082 04 - رقم تصنيف ديوى العشرى
رقم الطبعة 21
رقم التصنيف 253.9001\
رقم المادة ح إ
100 0# - المدخل الرئيسى - إسم شخصى
الإسم الشخصى حسنى عبدالسميع ابراهيم
245 10 - بيان العنوان
العنوان استثمار الاموال فى الشريعة الاسلامية /
بيان المسئوليه,etc حسنى عبدالسميع ابراهيم
250 ## - بيان الطبعة
بيان الطبعة ط1
260 ## - PUBLICATION, DISTRIBUTION, ETC. (IMPRINT)
تاريخ النشر أو التوزيع 2011
300 ## - الوصف المادى
التعداد 399 ص ؛
أبعاد الوعاء 24 سم
504 ## - تبصرة ببليوجرافية
تبصرة ببليوجرافية,الخ ببليوجرافية : ص 395 - 399
650 04 - المدخل الاضافى بالموضوع-مصطلح موضوعى
مصطلح موضوعي الشركات
التقسيم الفرعي العام الفقه الاسلامى
650 04 - المدخل الاضافى بالموضوع-مصطلح موضوعى
مصطلح موضوعي صناديق الاستثمار
650 04 - المدخل الاضافى بالموضوع-مصطلح موضوعى
مصطلح موضوعي البنوك الاسلامية
650 04 - المدخل الاضافى بالموضوع-مصطلح موضوعى
مصطلح موضوعي المضاربات
التقسيم الفرعي العام الفقه الاسلامى
650 04 - المدخل الاضافى بالموضوع-مصطلح موضوعى
مصطلح موضوعي الاستثمارات
التقسيم الفرعي العام الفقه الاسلامى
942 ## - عناصر المدخل الإضافي( كوها)
مصدر التصنيف او مخطط الترفيف Dewey Decimal Classification
Koha [default] item type كتاب
260 ## - PUBLICATION, DISTRIBUTION, ETC. (IMPRINT)
-- القاهرة :
-- مصر العربية للنشر والتوزيع ،
Holdings
حالة التراجع حالة الفقد حالة تلف ليس للاعارة المكان المؤقت الموقع الحالى تاريخ الاكتساب اجمالي اﻻعارات رقم الطلب الباركود تاريخ اخر مشاهدة تاريخ تفعيل السعر نوع وعاء كوها
        مكتبة القاهرة الكبرى مكتبة القاهرة الكبرى 04/06/2015   253.9001\ ح إ 160091 04/06/2015 04/06/2015 كتاب

Powered By

EGPV